LEADER 01818nam2 22003011i 450 001 RML0278845 005 20231121125729.0 100 $a20121121d1990 ||||0itac50 ba 101 | $alat 102 $abe 181 1$6z01$ai $bxxxe 182 1$6z01$an 200 1 $a˜146: œOthloni monachi s. Emmerammi, opera omnia ... accedunt Adami canonici Bremensis, Gundechari Eischtettensis episcopi Lamberti Hersfeldensis ... 210 $aTurnhout $cBrepols $d1990 215 $a1224 col.$d29 cm 300 $aIn testa al front.: Saeculum 11.. -Rist. anast. dell'ed.: Migne : Parisiis, 1853 461 1$1001PUV0698208$12001 $aPatrologiae cursus completus, seu bibliotheca universalis, integra, uniformis, commoda, oeconomica, omnium SS. Patrum, doctorum scriptorumque ecclesiasticorum, sive latinorum, qui ab aevo apostolico ad tempora Innocentii 3. (anno 1216) pro Latinis et Concilii Florentini (ann. 1439) pro Graecis floruerunt: Recusio chronologica [...]. Series latina, in qua prodeunt patres, doctores scriptoresque ecclesiae latinae a Tertulliano ad Innocentim 3.$faccurante J. P. Migne 700 1$aOtloh$b, Emmerammensis$3RMLV175966$01444806 701 1$aAdamus$b, Bremensis$3RMLV175293$0163565 701 1$aGundecharus$b, Eichstetensis$3RMLV179717$01444807 801 3$aIT$bIT-01$c20121121 850 $aIT-FR0017 899 $aBiblioteca umanistica Giorgio Aprea$bFR0017 912 $aRML0278845 950 2$aBiblioteca umanistica Giorgio Aprea$d 52CIS P.L.146$e 52VM 0000486665 VM barcode:00028446. - Inventario:8896 FLSVM$fB $h20041012$i20121204 977 $a 52 996 $aOthloni monachi s. Emmerammi, opera omnia ... accedunt Adami canonici Bremensis, Gundechari Eischtettensis episcopi Lamberti Hersfeldensis ..$93626297 997 $aUNICAS